La question juive

Tallennettuna:
Bibliografiset tiedot
Päätekijä: Marx, Karl
Aineistotyyppi: Kirja
Kieli:Undetermined
Julkaistu: Paris Union Génerale 1968
Aiheet:
Tagit: Lisää tagi
Ei tageja, Lisää ensimmäinen tagi!
Thư viện lưu trữ: Trung tâm Học liệu Trường Đại học Cần Thơ
LEADER 00452nam a2200181Ia 4500
001 CTU_90072
008 210402s9999 xx 000 0 und d
082 |a 160 
082 |b M392 
100 |a Marx, Karl 
245 0 |a La question juive 
245 0 |c Karl Marx 
260 |a Paris 
260 |b Union Génerale 
260 |c 1968 
650 |a Jewish question 
904 |i Tuyến,Hải 
980 |a Trung tâm Học liệu Trường Đại học Cần Thơ